000 00964cam a2200277Ia 4500
001 21946
003 BD-RjUL
005 20211209000741.0
008 140306r19611928nyua b 001 0 eng
035 _a(OCoLC)ocm06183270
035 _a(BD-RjUL)22011
035 _a(NNC)4596878
040 _aDLC
_cURB
_dOCL
_dCSU
_dOCL
_dSLU
_dBD-RjUL
_beng
041 1 _aeng
_hger
082 0 0 _a909
_bSPD 1961
100 1 _aSpengler, Oswald,
_d1880-1936.
_967758
245 1 4 _aThe decline of the West /
_cby Oswald Spengler ; authorized translation with notes by Charles Francis Atkinson.
_nVOLUME ONE :
_pForm and actuality.
260 _aNew York :
_bA.A. Knopf,
_c1926 [Printing 1961].
300 _axv, 428 p. xxxii ;
_b3 folded tables ;
_c25 cm.
504 _aIncludes bibliographical references and index.
650 0 _aCivilization
_xHistory.
_967759
700 1 _aAtkinson, Charles Francis,
_d1880-
_967760
942 _2ddc
_cBK
999 _c21946
_d21946